• 首页
  • 本馆介绍
  • 公告通知
  • 最新文献
  • 馆藏检索
  • 电子资源
  • 读者导购
  • 参考咨询
  • 我的图书馆
  • 登录
  • 详细信息显示
  • 放入我的书架
  • 预约/预借图书
  • 作者相关作品
  • 分类相关作品
  • 丛书相关作品
  • 出版社相关作品

书目信息

  • 表格格式
  • 工作单格式
  • 卡片格式
题名:
苏联兴亡史
    
 
作者: 周尚文 , 叶书宗 , 王斯德 著
分册:  
出版信息: 上海   上海人民出版社  2002
页数: 16,970页
开本: 21cm
丛书名:
单 册:
中图分类: K512.5
科图分类:
主题词: 现代史--苏联
电子资源:
ISBN: 7-208-03962-3
000 00934nam0 2200277 450
001 0900000037572
005 20051206143617.50
010    @a7-208-03962-3@b精装@dCNY62.00
092    @aCN
100    @a20050714e20032002ekmy0chiy0120 ea
101 0  @achi
102    @aCN@b310000
105    @ay z 000yy
200 1  @a苏联兴亡史@9su lian xing wang shi@f周尚文,叶书宗,王斯德著@Fzhou shang wen,ye shu zong,wang si de zhu
210    @a上海@c上海人民出版社@d2002@h2003重印
215    @a16,970页@d21cm
330    @a本书分三十章。内容包括:革命前的俄国和沙皇制度的覆灭、十月革命的胜利、新经济政策时期的成就和问题、国家工业化、战后初期的苏联国内状况等。
606 0  @a现代史@y苏联
607    @a苏联@x现代史
690    @aK512.5@v4
701  0 @a周尚文@Azhou shang wen@4著
701  0 @a叶书宗@Aye shu zong@4著
701  0 @a王斯德@Awang si de@4著
801  0 @aCN@bCXYBOOK@c20051206
905    @a10447@dK512.5@e30
999    @aYYW@eJDD
    
    苏联兴亡史/周尚文,叶书宗,王斯德著.-上海:上海人民出版社,2002(2003重印)
    16,970页;21cm
    
    
    ISBN 7-208-03962-3(精装):CNY62.00
    本书分三十章。内容包括:革命前的俄国和沙皇制度的覆灭、十月革命的胜利、新经济政策时期的成就和问题、国家工业化、战后初期的苏联国内状况等。
●
相关链接 在E读中查询图书 在五车中查询图书 在当当中查询图书 在豆瓣中查询图书


正题名:苏联兴亡史     索取号:K512.5/30         预约/预借

序号 登录号 条形码 馆藏地/架位号 状态 备注
1 0370426   203704269   第二样本阅览室/ [索取号:K512.5/30] 在馆    
2 0370427   203704278   第二借阅区/ [索取号:K512.5/30] 在馆    
3 0370428   203704287   第二借阅区/ [索取号:K512.5/30] 在馆    
唐山师范学院图书馆 欢迎您!
大连网信软件有限公司© 版权所有